000 00619cam a22002291 4500
001 sa 66003348
003 DLC
005 20260227112235.0
008 890425s1965 ii a b 000 0 hino
010 _asa 66003348
035 _a(OCoLC)19601950
040 _aDLC
_cWaU
_dDLC
042 _apremarc
050 0 0 _aPK1939
_b.K3
100 1 _aKapoor, Badri Nath,
_d1932-
245 1 0 _aHindī paryāyoṃ kā bhāshāgata adhyayanna.
260 _c[1965]
300 _a12, 159 p.
_billus.
_c23 cm.
500 _aIn Hindi.
504 _aBibliography: p. [156]-159.
650 0 _aHindi language
_xSynonyms and antonyms.
999 _c68829
_d68829